Les bourgeois et la démocratie sociale (Record no. 121232)

MARC details
000 -LEADER
campo de control de longitud fija 00597nam a2200193 4500
001 - NÚMERO DE CONTROL
campo de control 121232
003 - IDENTIFICADOR DE NÚMERO DE CONTROL
campo de control ES-MaACL
007 - CAMPO FIJO DE DESCRIPCIÓN FÍSICA--INFORMACIÓN GENERAL
campo de control de longitud fija t|
008 - DATOS DE LONGITUD FIJA--INFORMACIÓN GENERAL
campo de control de longitud fija 070214s1971 fr r ||||1| fre d
100 1# - ENTRADA PRINCIPAL--NOMBRE DE PERSONA
Nombre de persona Ponteil, Félix.
9 (RLIN) 93055
245 14 - MENCIÓN DEL TÍTULO
Título Les bourgeois et la démocratie sociale
Resto del título : 1914-1968 /
Mención de responsabilidad, etc. Félix Ponteil.
260 ## - PUBLICACIÓN, DISTRIBUCIÓN, ETC.
Lugar de publicación, distribución, etc. Paris :
Nombre del editor, distribuidor, etc. Albin Michel,
Fecha de publicación, distribución, etc. 1971.
300 ## - DESCRIPCIÓN FÍSICA
Extensión 560 p. ;
Dimensiones 18 cm.
490 1# - MENCIÓN DE SERIE
Mención de serie L'evolution de l'humanité ;
Designación de volumen o secuencia 32
830 0# - PUNTO DE ACCESO ADICIONAL DE SERIE-TÍTULO UNIFORME
Título uniforme L'evolution de l'humanité ;
Designación de volumen o secuencia 32
9 (RLIN) 181507
852 ## - LOCALIZACIÓN
Ubicación ES-MaACL
Número de control de estantería E-5710
Sublocalización o colección R.90033
852 ## - LOCALIZACIÓN
Ubicación ES-MaACL
Número de control de estantería E-5711
Sublocalización o colección R.89801
Holdings
Estatus retirado Estado de pérdida Estado de daño No para préstamo Biblioteca de origen Biblioteca actual Ubicación en estantería Fecha de adquisición Fuente de adquisición Total de préstamos Signatura topográfica completa Código de barras Visto por última vez Precio de reemplazo Tipo de ítem Koha
        Biblioteca del Ateneo de Madrid Biblioteca del Ateneo de Madrid Depósito 2 17/01/2008     E-5711 1126349 23/02/2023 23/02/2023 Libro impreso
        Biblioteca del Ateneo de Madrid Biblioteca del Ateneo de Madrid Depósito 2 17/01/2008     E-5710 1126348 23/02/2023 23/02/2023 Libro impreso